Most Spoken Languages in every Region in Africa - Statistics

General Stats
  • This quiz has been taken 84 times
  • The average score is 21 of 25
Answer Stats
Answer % Correct
French
99%
French
99%
French
99%
French
99%
Arabic
97%
Arabic
97%
Arabic
97%
Arabic
97%
English
97%
English
97%
English
97%
English
97%
English
97%
Swahili
90%
Berber
89%
Portuguese
89%
Portuguese
89%
Afrikaans
81%
Amharic
78%
Yoruba
78%
Hausa
72%
Spanish
71%
Italian
46%
Italian
46%
Kikongo
13%
No matching quizzes found
Score Distribution
Percent of People with Each Score
Percentile by Number Answered
Your Score History
You have not taken this quiz